Представление документа в формате RUSMARC

ПолеНазваниеЗначение
  Тип записи a
  Библиографический уровень m
001 Контрольный номер UONB/MAIN/a062f0371900437cacf4926965697387
005 Дата корректировки 20260423094530.5
010 Индекс ISBN __
b Уточнения в пер.
100 Данные общей обработки __
a Данные общей обработки 20260423d2026 u y0rusy0189 ca
101 Язык документа 0_
a Язык текста rus
102 Страна публикации __
a Страна публикации RU
105 Кодированные данные (монография) __
a Кодированные данные (монография) a z 000ay
200 Заглавие и сведения об ответственности 1_
a Заглавие Пусть миром правит доброта
f Первые сведения об ответственности Надежда Чибилькаева
e Сведения, относящиеся к заглавию сборник стихов и прозы
203 Вид содержания и тип средства __
a Вид содержания Текст
b Характеристика содержания визуальный
c Тип средства непосредственный
210 Выходные данные 1_
a Место издания Карсун, Ульяновская область
c Издательство [б. и.]
d Дата издания 2026
215 Физическое описание __
a Объем 136 с.
d Формат 21 см
c Иллюстрации/тип воспроизводства ил.
333 Примечание о целевом назначении __
a Примечание о целевом назначении 16+
606 Тематические рубрики 0_
a Основная рубрика Стихи (х. л.)
610 Ключевые слова 0_
a Ключевые слова стихи поэтов Ульяновской области; стихи русские
686 Индексы других классификаций __
2 Код системы rubbk
a Классификационный индекс 84Р2-5
700 Автор _1
a Фамилия Чибилькаева
b Имя (инициалы) Н. В.
g Полное личное имя Надежда Вильдановна
801 Источник записи _0
a Страна RU
b Организация Ульяновская ОНБ
c Дата составления 20260423
g Правила каталогизации RCR
801 Источник записи _1
a Страна RU
b Организация Ульяновская ОНБ
c Дата составления 20260423
g Правила каталогизации RCR
900 Электронные ресурсы __
a Имя электронного ресурса 202604160033
900 Электронные ресурсы __
a Имя электронного ресурса 202604160034
901 Тип документа __
t Тип документа m
909 Создатель записи __
a Создатель записи Макушик
b Дата создания записи 20260423